000 00607nam a2200205Ia 4500
005 20250508152239.0
008 008 250505s9999 xx 000 0 eng d
037 _aTextual
040 _aFEDL
_beng
_cFEDL
041 _aeng
_2eng
084 _a370.19, STA
_qFEDL
100 _aStark W.
_977785
245 0 _aSociology of knowledge
260 _aLondon, UK
_bRoutledge and Kegan Paul
_c1958
300 _axi,356p.
490 _aInternational library of sociology and social reconstruction
650 _aEducation-Sociology
942 _cTEXL
_h370.19, STA
999 _c1335274
_d1335274